Detalles MARC
| 000 -LIDER |
| fixed length control field |
01278nam a2200301 a 4500 |
| 001 - NÚMERO DE CONTROL |
| Identificador de número de control |
|
| 003 - IDENTIFICACDOR DE NÚMERO DE CONTROL |
| control field |
DO-SdBNP |
| 005 - DATE AND TIME OF LATEST TRANSACTION |
| control field |
20210903081305.0 |
| 008 - ELEMENTOS DE LONGITUD FIJA |
| fixed length control field |
130422s2012 dr 000 0 spa d |
| 020 ## - ISBN |
| International Standard Book Number |
9789945005394 |
| 040 ## - FUENTE DE CATALOGACIÓN |
| Agencia que crea de manera original el registro |
DO-SdBNP |
| Idioma de catalogación |
spa |
| Agencia que realiza la transcripción |
BPMSU |
| 082 ## - NÚMERO DE CLASIFICACIÓN DECIMAL DE DEWEY |
| Classification number |
324.22 |
| Item number |
R173L 2012 |
| Edition number |
22 |
| 100 1# - ASIENTO PRINCIPAL -- NOMBRE PERSONAL |
| Nombre personal |
Ramírez Morillo, Belarminio |
| 245 10 - MENCIÓN DE TITULO |
| Título |
Leonel como paradigma : |
| Subtítulo |
descifrando las claves de su liderazgo / |
| Mención de responsabilidad |
Belarminio Ramírez Morillo. |
| 260 ## - PUBLICACIÓN, DISTRIBUCIÓN, ETC. (PIE DE IMPRENTA) |
| Lugar de publicación, distribución, etc |
Santo Domingo : |
| Nombre del editor, distribuidor, etc. |
FESJE, |
| Fecha de publicación, distribución, etc |
2012. |
| 300 ## - DESCRIPCIÓN FÍSICA |
| Extensión |
307 p. : |
| Otros detalles físicos |
il., retrs. ; |
| Dimensiones |
25 cm. |
| 500 ## - NOTA GENERAL |
| Nota general |
Incluye datos biográficos del autor en la solapa de la cubierta |
| 500 ## - NOTA GENERAL |
| Nota general |
Incluye índice |
| 505 0# - NOTA DE CONTENIDO |
| Texto normalizado de contenido |
Leonel y el uso conjugado de las inteligencias 17 -- Las claves del gobernante eficaz 107 -- El líder con sentido humano 185 -- El liderazgo de Leonel y la riqueza del conocimiento 243 |
| 590 ## - NOTA LOCAL |
| Enlace |
Inventariado, 2021/VM |
| 600 14 - ENCABEZAMIENTO DE MATERIA--NOMBRE PERSONAL |
| Nombre personal |
Fernández, Leonel |
| Fechas asociadas con el nombre |
1953- |
| Subdivisión temática general |
Liderazgo |
| 650 #4 - ENCABEZAMIENTO DE MATERIA--TEMÁTICO |
| Término temático o nombre geográfico como elemento de entrada |
Partidos políticos |
| Subdivisión geográfica |
República Dominicana |
| Subdivisión temática general |
|
| 650 #4 - ENCABEZAMIENTO DE MATERIA--TEMÁTICO |
| Término temático o nombre geográfico como elemento de entrada |
Liderazgo político |
| Subdivisión geográfica |
República Dominicana |
| 651 #4 - ENCABEZAMIENTO DE MATERIA--NOMBRE GEOGRÁFICO |
| Nombre geográfico |
República Dominicana |
| Subdivisión temática general |
Política y gobierno |
| 710 1# - ASIENTO SECUNDARIO -- NOMBRE CORPORATIVO |
| Nombre corporativo o de jurisdicción |
Fundación de Estudios Sociopoliticos, Jurídicos y Económicas (República Dominicana) |
| 910 ## - VALIDACIÓN |
| Validación |
VMateo V. |
| 942 ## - ADDED ENTRY ELEMENTS (KOHA) |
| Source of classification or shelving scheme |
Dewey Decimal Classification |
| Koha item type |
Libros |